Statistiques concernant Table de multiplication 12 x 12 en 2 minutes

Cliquez ici pour prendre le quiz!

Statistiques générales

  • Ce quiz a été pris 24 296 fois
  • Le résultat moyen est 88 sur 144

Statistiques - réponses

Résponse% Correct
1
100%
2
100%
7
99%
9
99%
8
99%
10
99%
6
99%
5
99%
4
99%
3
99%
18
98%
16
98%
14
98%
12
98%
10
98%
8
98%
6
98%
4
98%
2
98%
20
98%
11
98%
12
98%
6
97%
3
97%
9
97%
24
97%
12
97%
22
97%
18
96%
21
96%
24
96%
15
96%
27
95%
30
95%
33
95%
4
95%
8
95%
36
95%
12
94%
16
94%
24
93%
20
93%
5
92%
28
92%
32
92%
36
92%
40
91%
44
91%
10
91%
15
91%
48
91%
20
90%
25
90%
30
90%
35
90%
40
89%
45
89%
50
89%
55
89%
6
89%
60
88%
12
87%
18
85%
24
84%
30
83%
36
82%
42
81%
48
80%
54
78%
60
77%
66
76%
7
76%
72
74%
14
73%
21
71%
28
69%
35
67%
42
64%
49
63%
56
60%
63
56%
70
55%
77
54%
8
53%
84
51%
16
50%
24
47%
32
45%
40
44%
48
42%
56
41%
64
38%
9
36%
80
36%
72
36%
88
35%
18
33%
96
33%
27
31%
36
29%
45
27%
54
26%
10
25%
63
24%
81
23%
20
23%
72
23%
90
22%
40
22%
30
22%
50
21%
60
21%
99
21%
80
20%
100
20%
70
20%
90
20%
110
19%
108
19%
11
19%
120
18%
22
17%
33
16%
66
15%
44
15%
55
15%
77
15%
88
14%
99
14%
12
13%
110
13%
121
11%
24
11%
132
10%
36
9%
48
8%
60
8%
72
7%
84
6%
96
6%
108
5%
120
5%
144
5%
132
4%

Distribution des résultats

Percentile par nombre de réponses

% des personnes avec chaque résultat

Votre développement - résultats

Vous n’avez pas pris ce quiz